Informe de la OCDE sobre la economía española. (Record no. 1246)

MARC details
000 -LEADER
campo de control de longitud fija 01109nas a2200313 i 4500
001 - NÚMERO DE CONTROL
campo de control 1246
003 - IDENTIFICADOR DE NÚMERO DE CONTROL
campo de control ES-MaACL
005 - FECHA Y HORA DE LA ÚLTIMA TRANSACCIÓN
campo de control 20250721062534.0
007 - CAMPO FIJO DE DESCRIPCIÓN FÍSICA--INFORMACIÓN GENERAL
campo de control de longitud fija t|
008 - DATOS DE LONGITUD FIJA--INFORMACIÓN GENERAL
campo de control de longitud fija 950801c1986 sp a| | 1 ||pa d
080 ## - NÚMERO DE LA CLASIFICACIÓN DECIMAL UNIVERSAL
Número de la Clasificación Decimal Universal (460)
080 ## - NÚMERO DE LA CLASIFICACIÓN DECIMAL UNIVERSAL
Número de la Clasificación Decimal Universal 33
245 00 - MENCIÓN DEL TÍTULO
Título Informe de la OCDE sobre la economía española.
246 13 - FORMA VARIANTE DEL TITULO
Título propio/Titulo breve Apuntes y documentos económicos. Estudios económicos de la OCDE
246 13 - FORMA VARIANTE DEL TITULO
Título propio/Titulo breve Estudios económicos de la OCDE. España
260 ## - PUBLICACIÓN, DISTRIBUCIÓN, ETC.
Lugar de publicación, distribución, etc. Madrid :
Nombre del editor, distribuidor, etc. Ministerio de Economía y Hacienda,
Fecha de publicación, distribución, etc. 1986-
300 ## - DESCRIPCIÓN FÍSICA
Extensión 1 v. ;
Dimensiones 27 cm.
310 ## - PERIODICIDAD ACTUAL
Periodicidad actual Anual
362 0# - FECHAS DE PUBLICACIÓN Y/O DESIGNACIÓN SECUENCIAL
Fecha de publicación y/o designación secuencial 1986-
500 ## - NOTA GENERAL
Nota general Es traducción del editado por la OCDE.
650 17 - PUNTO DE ACCESO ADICIONAL DE MATERIA--TÉRMINO DE MATERIA
Término de materia o nombre geográfico como elemento de entrada Economía
Fuente del encabezamiento o término embne
9 (RLIN) 12006
655 #7 - TERMINO DE INDIZACIÓN--GENERO/FORMA
Fuente del término tgfbne
9 (RLIN) 226866
Datos o término principal de género/forma Revistas
710 1# - ENTRADA AGREGADA--NOMBRE DE ENTIDAD CORPORATIVA
Nombre de entidad corporativa o nombre de jurisdicción como elemento de entrada España.
Unidad subordinada Ministerio de Economía y Hacienda.
9 (RLIN) 3856
852 ## - LOCALIZACIÓN
Ubicación ES-MaACL
Número de control de estantería Hem-1978
Nota libre Expurgado marzo 2025: posterior 1958; sin encuadernar; en acceso abierto
856 ## - LOCALIZACIÓN Y ACCESO ELECTRÓNICOS
Identificador Uniforme de Recursos <a href="https://www.oecd.org/es/topics/sub-issues/economic-surveys/spain-economic-snapshot.html">https://www.oecd.org/es/topics/sub-issues/economic-surveys/spain-economic-snapshot.html</a>
Texto de enlace OCDE
866 #0 - MENCIÓN TEXTUAL DE FONDOS--UNIDAD BIBLIOGRÁFICA BÁSICA
Fondos 1988-90,1992-94,1996.
942 ## - ELEMENTOS DE ENTRADA SECUNDARIOS (KOHA)
Fuente del sistema de clasificación o colocación Clasificación decimal universal
Holdings
Estatus retirado Estado de pérdida Fuente del sistema de clasificación o colocación Estado de daño No para préstamo Colección Biblioteca de origen Biblioteca actual Ubicación en estantería Fecha de adquisición Total de préstamos Signatura topográfica completa Código de barras Visto por última vez Precio de reemplazo Tipo de ítem Koha
Expurgado   Clasificación decimal universal     Periódicos y Revistas Biblioteca del Ateneo de Madrid Biblioteca del Ateneo de Madrid Hemeroteca 17/01/2008   HEM-1978 1001272 23/02/2023 23/02/2023 Revista